000 00757nam a2200241 i 4500
001 bg
245 0 0 _aBritishness and cultural studies :
_bcontinuity and change in narrating the nation /
_ced. by Krzysztof Knauer, Simon Murray.
260 _aKatowice :
_b"Śląsk",
_c2000.
300 _a334, [1] s. ;
_c21 cm.
490 1 _aHumanistyka i Poznanie
505 _aBibliogr. przy rozdz.
651 9 _aWielka Brytania
_xkultura
_xzagadnienia
_yod 1945 r.
700 1 _aKNAUER, Krzysztof.
_eRed.
700 1 _aMURRAY, Simon.
_eRed.
830 _aHumanistyka i Poznanie
020 _a8371642229
040 _cBPK
041 0 _aen
080 _a008(410)"1945/..."
920 _a83-7164-222-9
942 _cKS
008 s pl f |000 0 pol
999 _c37404
_d37404
856 _uhttp://koha.tu.koszalin.pl/cgi-bin/koha/opac-detail.pl?biblionumber=37404
_yKatalog online BPK